000 00966nam0a22002291 4500
001 rc\1131202
005 20260407123918.0
035 _a(NLR Aleph) 006372737
090 _a5012109
_c5012109
100 _a20041126d1981 |||y0rusy50 ca
101 0 _arus
102 _aRU
105 _ay |||||||||
200 1 _aО работе ДОК Казахской ССР по оказанию помощи книготорговым организациям в реализации литературы прошлых лет издания
_eПостановление орг.-исполн. бюро ЦП ВОК и метод. письмо РП ДОК КазССР
210 _aАлма-Ата
_cБ. и.
_d1981
215 _a27 с.
_d20
712 0 2 _aОбщество любителей книги КазССР
_cАлма-Ата
_9425063
_3RU\NLR\AUTH\889964412
801 0 _aRU
_bNLR
_gpsbo
801 1 _aRU
_bELAR
_2rusmarc
852 _aNLR
_j81-4/19054
942 _cBOOK
980 _aNB